000 01397nam a2200301Ia 4500
001 ebr10267470
003 CaPaEBR
006 m u
007 cr cn|||||||||
008 071012s2008 ne sb 001 0 eng d
020 _z9781586038724
040 _aCaPaEBR
_cCaPaEBR
035 _a(OCoLC)316255801
050 1 4 _aHV6431
_b.P79 2008eb
245 0 0 _aPsychosocial stress in immigrants and in members of minority groups as a factor of terrorist behavior
_h[electronic resource] /
_cedited by Michal Finklestein and Kim Dent-Brown.
260 _aAmsterdam :
_bIOS Press,
_c2008.
300 _axvi, 209 p.
500 _aProceedings of the NATO Advanced Research Workshop on Psychosocial Stress in Immigrants and in Members of Minority Groups as a Factor of Terrorist Behavior.
504 _aIncludes bibliographical references and index.
533 _aElectronic reproduction.
_bPalo Alto, Calif. :
_cebrary,
_d2009.
_nAvailable via World Wide Web.
_nAccess may be limited to ebrary affiliated libraries.
650 0 _aTerrorism
_xPsychological aspects
_vCongresses.
650 0 _aStress (Psychology)
_vCongresses.
655 7 _aElectronic books.
_2local
700 1 _aFinklestein, Michal.
700 1 _aDent-Brown, Kim.
710 2 _aebrary, Inc.
856 4 0 _uhttp://site.ebrary.com/lib/rucke/Doc?id=10267470
_zAn electronic book accessible through the World Wide Web; click to view
999 _c9494
_d9494